Das Reduktionsverfahren der Baustatik : Verfahren der Übergangsmatrizen
Saved in:
| Main Author: | |
|---|---|
| Format: | Book |
| Language: | German |
| Published: |
Berlin :
Springer Verlag London,
1982
|
| Edition: | 2. Aufl. |
| Tags: |
No Tags, Be the first to tag this record!
|
MARC
| LEADER | 00000nam a22000003a 4500 | ||
|---|---|---|---|
| 001 | stu208703 | ||
| 005 | 20190206105146.0 | ||
| 008 | 100805s1982----ge------------------ger-d | ||
| 040 | |a STU |b slo | ||
| 041 | 0 | |a ger | |
| 044 | |a ge | ||
| 080 | |a 624.041 | ||
| 100 | 1 | |a Kersten, Roland |4 aut | |
| 245 | 1 | |a Das Reduktionsverfahren der Baustatik : |b Verfahren der Übergangsmatrizen | |
| 250 | |a 2. Aufl. | ||
| 260 | |a Berlin : |b Springer Verlag London, |c 1982 | ||
| 300 | |a 286 s | ||
| 996 | |c V*25109/O-10253 |l VV9 |s P |a 0 |w stu208703_0001 | ||